000 00392nam a2200181Ia 4500
005 20250425162051.0
008 250425s9999 xx 000 0 und d
041 _aeng
082 _a621.4021
245 0 _aTHERMODYNAMICS
250 _aS.E.
260 _aEstados Unidos
_bDOVER
_c1966
260 _aS.L.
300 _a532
650 _aTERMODINAMICA
942 _c01
010 _a45913
999 _c221705
_d221705